000 00238nam a2200109Ia 4500
008 230724s1999 xx und d
041 _aeng
100 _aDICKENS C.
245 _aA TALE OF TWO CITIES.
260 _c1999
300 _a201
999 _c1172866
_d1172866